<?xml version="1.0" encoding="UTF-8"?>
<collection xmlns="http://www.loc.gov/MARC21/slim">
 <record>
  <leader>02141nam a22002657a 4500</leader>
  <controlfield tag="001">NCT_32846</controlfield>
  <controlfield tag="008">180424b        xxu||||| |||| 00| 0 vie d</controlfield>
  <datafield tag="999" ind1=" " ind2=" ">
   <subfield code="c">1580</subfield>
   <subfield code="d">1580</subfield>
  </datafield>
  <datafield tag="020" ind1=" " ind2=" ">
   <subfield code="c">14000</subfield>
  </datafield>
  <datafield tag="082" ind1="0" ind2="4">
   <subfield code="2">23rd ed.</subfield>
   <subfield code="a">616.99465</subfield>
   <subfield code="b">R408</subfield>
  </datafield>
  <datafield tag="100" ind1="1" ind2=" ">
   <subfield code="a">Lê Đình Roanh</subfield>
  </datafield>
  <datafield tag="245" ind1="1" ind2="0">
   <subfield code="a">Những điều cần biết về ung thư buồng trứng</subfield>
   <subfield code="c">Lê Đình Roanh, Nguyễn Văn Chủ</subfield>
  </datafield>
  <datafield tag="260" ind1=" " ind2=" ">
   <subfield code="a">H.</subfield>
   <subfield code="b">Y học</subfield>
   <subfield code="c">2008</subfield>
  </datafield>
  <datafield tag="300" ind1=" " ind2=" ">
   <subfield code="a">45 tr.</subfield>
   <subfield code="b">Hình vẽ</subfield>
   <subfield code="c">19cm</subfield>
  </datafield>
  <datafield tag="490" ind1=" " ind2=" ">
   <subfield code="a">Trung tâm nghiên cứu và phát hiện sớm ung thư</subfield>
  </datafield>
  <datafield tag="520" ind1="3" ind2=" ">
   <subfield code="a">Trong cuốn sách này chúng tôi trình bày một số khía cạnh về bệnh học, điều trị, tiên lượng... của ung thư buồng trứng giúp độc giả hiểu biết rõ hơn về bệnh ung thư buồng trứng và đặc biệt giúp các bệnh nhân mắc bệnh này, gia đình và bạn bè của họ hiểu biết tốt hơn về loại bệnh này. Đồng thời cuốn sách này cũng là tài liệu tham khảo hữu ích cho các nhân viên y tế quan tâm đến bệnh ung thư buồng trứng.</subfield>
  </datafield>
  <datafield tag="653" ind1=" " ind2=" ">
   <subfield code="a">Y đa khoa</subfield>
  </datafield>
  <datafield tag="700" ind1="1" ind2=" ">
   <subfield code="a">Nguyễn Văn Chủ</subfield>
  </datafield>
  <datafield tag="942" ind1=" " ind2=" ">
   <subfield code="2">ddc</subfield>
   <subfield code="c">BK</subfield>
  </datafield>
  <datafield tag="952" ind1=" " ind2=" ">
   <subfield code="0">0</subfield>
   <subfield code="1">0</subfield>
   <subfield code="2">ddc</subfield>
   <subfield code="4">0</subfield>
   <subfield code="6">616_994650000000000_R408</subfield>
   <subfield code="7">0</subfield>
   <subfield code="9">7619</subfield>
   <subfield code="a">000001</subfield>
   <subfield code="b">000001</subfield>
   <subfield code="d">2018-04-24</subfield>
   <subfield code="l">1</subfield>
   <subfield code="o">616.99465 R408</subfield>
   <subfield code="p">MD.11088</subfield>
   <subfield code="r">2019-06-20</subfield>
   <subfield code="s">2019-06-05</subfield>
   <subfield code="v">14000.00</subfield>
   <subfield code="w">2018-04-24</subfield>
   <subfield code="y">BK</subfield>
  </datafield>
  <datafield tag="952" ind1=" " ind2=" ">
   <subfield code="0">0</subfield>
   <subfield code="1">0</subfield>
   <subfield code="2">ddc</subfield>
   <subfield code="4">0</subfield>
   <subfield code="6">616_994650000000000_R408</subfield>
   <subfield code="7">0</subfield>
   <subfield code="9">7620</subfield>
   <subfield code="a">000001</subfield>
   <subfield code="b">000001</subfield>
   <subfield code="d">2018-04-24</subfield>
   <subfield code="o">616.99465 R408</subfield>
   <subfield code="p">MD.11089</subfield>
   <subfield code="r">2018-04-24</subfield>
   <subfield code="v">14000.00</subfield>
   <subfield code="w">2018-04-24</subfield>
   <subfield code="y">BK</subfield>
  </datafield>
  <datafield tag="952" ind1=" " ind2=" ">
   <subfield code="0">0</subfield>
   <subfield code="1">0</subfield>
   <subfield code="2">ddc</subfield>
   <subfield code="4">0</subfield>
   <subfield code="6">616_994650000000000_R408</subfield>
   <subfield code="7">0</subfield>
   <subfield code="9">7621</subfield>
   <subfield code="a">000001</subfield>
   <subfield code="b">000001</subfield>
   <subfield code="d">2018-04-24</subfield>
   <subfield code="o">616.99465 R408</subfield>
   <subfield code="p">MD.10803</subfield>
   <subfield code="r">2018-04-24</subfield>
   <subfield code="v">14000.00</subfield>
   <subfield code="w">2018-04-24</subfield>
   <subfield code="y">BK</subfield>
  </datafield>
  <datafield tag="952" ind1=" " ind2=" ">
   <subfield code="0">0</subfield>
   <subfield code="1">0</subfield>
   <subfield code="2">ddc</subfield>
   <subfield code="4">0</subfield>
   <subfield code="6">616_994650000000000_R408</subfield>
   <subfield code="7">0</subfield>
   <subfield code="9">7622</subfield>
   <subfield code="a">000001</subfield>
   <subfield code="b">000001</subfield>
   <subfield code="d">2018-04-24</subfield>
   <subfield code="o">616.99465 R408</subfield>
   <subfield code="p">MD.11576</subfield>
   <subfield code="r">2018-04-24</subfield>
   <subfield code="v">14000.00</subfield>
   <subfield code="w">2018-04-24</subfield>
   <subfield code="y">BK</subfield>
  </datafield>
  <datafield tag="952" ind1=" " ind2=" ">
   <subfield code="0">0</subfield>
   <subfield code="1">0</subfield>
   <subfield code="2">ddc</subfield>
   <subfield code="4">0</subfield>
   <subfield code="6">616_994650000000000_R408</subfield>
   <subfield code="7">0</subfield>
   <subfield code="9">7623</subfield>
   <subfield code="a">000001</subfield>
   <subfield code="b">000001</subfield>
   <subfield code="d">2018-04-24</subfield>
   <subfield code="o">616.99465 R408</subfield>
   <subfield code="p">MD.11577</subfield>
   <subfield code="r">2018-04-24</subfield>
   <subfield code="v">14000.00</subfield>
   <subfield code="w">2018-04-24</subfield>
   <subfield code="y">BK</subfield>
  </datafield>
  <datafield tag="980" ind1=" " ind2=" ">
   <subfield code="a">Thư viện Trường Đại học Nam Cần Thơ</subfield>
  </datafield>
 </record>
</collection>
